[Event "BRA CEAX op 3rd"]
[Site "Vitoria"]
[Date "2003.08.16"]
[Round "4"]
[White "Salom, J."]
[Black "Knoblauch, Walter Lucas"]
[Result "1/2-1/2"]
[WhiteElo "1800"]
[BlackElo "1746"]
[PlyCount "126"]
[EventDate "2003.08.??"]
[EventType "swiss"]
[EventRounds "6"]
[EventCountry "BRA"]
[SourceTitle "EXT 2006"]
[Source "ChessBase"]
[SourceDate "2005.11.24"]
[SourceVersion "1"]
[SourceVersionDate "2005.11.24"]
[SourceQuality "1"]

1. e4 c5 2. Nc3 d6 3. Bc4 Nf6 4. d3 g6 5. Bg5 Bg7 6. f4 Bg4 7. Nf3 Nc6 8. h3 Bh5 9. Bxf6 Bxf3 10. Qxf3 Bxf6 11. 0-0 e6 12. e5 Bg7 13. Bb5 d5 14. a4 a6 15. Bxc6+ bxc6 16. a5 0-0 17. Qf2 Rb8 18. b3 f6 19. Qxc5 Qd7 20. d4 fxe5 21. fxe5 Rxf1+ 22. Rxf1 Bf8 23. Rxf8+ Rxf8 24. Ne2 Qf7 25. Kh2 Qf2 26. Ng1 Qf4+ 27. Kh1 Qg3 28. Qxc6 Rf2 29. Qxe6+ Kg7 30. Qxd5 Rxc2 31. e6 Kf6 32. Qe4 Rc7 33. d5 Qe5 34. Qh4+ g5 35. Qh6+ Ke7 36. Qxh7+ Kd6 37. Qd3 Qxd5 38. Qxa6+ Rc6 39. Qe2 Qxe6 40. Qxe6+ Kxe6 41. Nf3 Kf6 42. Kg1 Rc1+ 43. Kf2 Rb1 44. Nd2 Ra1 45. b4 Ra4 46. Ne4+ Kg6 47. Nc5 Rxb4 48. a6 Rb2+ 49. Kf3 Kh5 50. a7 Ra2 51. g4+ Kh4 52. Ne4 Rxa7 53. Kg2 Ra4 54. Nf2 Ra2 55. Kf3 Rxf2+ 56. Kxf2 Kxh3 57. Kf3 Kh4 58. Kg2 Kxg4 59. Kh2 Kf3 60. Kg1 g4 61. Kh2 g3+ 62. Kh1 Kg4 63. Kg2 Kh4 1/2-1/2